| 000 | 00650cam a22002053a 4500 | ||
|---|---|---|---|
| 001 | 45306 | ||
| 003 | PGUSA | ||
| 005 | 20140828084039.0 | ||
| 008 | 140402s2014||||xxu|||||s|||||000 | eng d | ||
| 040 |
_aPGUSA _beng |
||
| 042 | _adc | ||
| 100 | 1 | _aGoodkind, Ben | |
| 245 | 1 | 3 |
_aAn American Hobo in Europe : _bA True Narrative of the Adventures of a Poor American at Home and in the Old Country _h[electronic resource] / _cBen Goodkind |
| 260 |
_bProject Gutenberg, _c2014 |
||
| 506 | _aPublic domain in the USA. | ||
| 516 | _aElectronic text | ||
| 830 | 0 |
_aProject Gutenberg _v45306 |
|
| 856 | 4 | 0 | _uhttp://www.gutenberg.org/ebooks/45306 |
| 942 | _cEB | ||
| 999 |
_c274557 _d274557 |
||